[Event "Imperia op-A 52th"]
[Site "Imperia"]
[Date "2010.09.04"]
[Round "8"]
[White "Cavatorta, Fosco"]
[Black "Carosso, Andrea"]
[Result "1-0"]
[WhiteElo "1965"]
[BlackElo "2032"]
[PlyCount "141"]
[EventDate "2010.08.29"]
[EventType "swiss"]
[EventRounds "9"]
[EventCountry "ITA"]
[SourceTitle "EXT 2024"]
[Source "ChessBase"]
[SourceDate "2023.10.10"]
[SourceVersion "1"]
[SourceVersionDate "2023.10.10"]
[SourceQuality "1"]

1. d4 d5 2. Nf3 Nf6 3. e3 Bg4 4. h3 Bh5 5. g4 Bg6 6. Ne5 Nbd7 7. h4 Nxe5 8. dxe5 Nd7 9. h5 Be4 10. f3 Bxc2 11. Qxc2 Nxe5 12. Be2 e6 13. f4 Nd7 14. Nc3 c6 15. Bd2 Be7 16. g5 h6 17. gxh6 Bh4+ 18. Kd1 Rxh6 19. Be1 Bf6 20. a4 d4 21. exd4 Bxd4 22. Bd2 Nf6 23. f5 e5 24. Bxh6 gxh6 25. Kc1 Qd7 26. Nb5 Be3+ 27. Kb1 Qe7 28. Nc3 0-0-0 29. Rd1 Rg8 30. Nd5 Nxd5 31. Rxd5 Bd4 32. Rb5 Rg2 33. Rb3 Qh4 34. Ka2 Qf2 35. Qc4 Qxe2 36. Qxf7 Qa6 37. Qe8+ Kc7 38. Qe7+ Kc8 39. Qe8+ Kc7 40. Qe7+ Kc8 41. Qe6+ Kc7 42. Rc1 Qxa4+ 43. Kb1 b6 44. f6 c5 45. f7 Rf2 46. Rg1 Qd7 47. Qxd7+ Kxd7 48. Rg7 Ke7 49. f8Q+ Kxf8 50. Rxa7 c4 51. Rb4 Rf1+ 52. Ka2 Rf7 53. Ra8+ Kg7 54. Rxc4 Rf2 55. Rc6 Rf7 56. Rg6+ Kh7 57. Re8 Rg7 58. Ree6 Rxg6 59. Rxg6 Bc5 60. Re6 Bd4 61. Kb3 Kg7 62. Kc2 b5 63. b3 b4 64. Kd3 Bc3 65. Ke4 Kh7 66. Re7+ Kg8 67. Kf5 Kf8 68. Rh7 e4 69. Rxh6 e3 70. Re6 Bd2 71. Kg6 1-0

[Event "Imperia op-A 52th"]
[Site "Imperia"]
[Date "2010.09.01"]
[Round "4"]
[White "Carosso, Andrea"]
[Black "Formento, Paolo"]
[Result "1-0"]
[WhiteElo "2032"]
[BlackElo "1904"]
[PlyCount "61"]
[EventDate "2010.08.29"]
[EventType "swiss"]
[EventRounds "9"]
[EventCountry "ITA"]
[SourceTitle "EXT 2024"]
[Source "ChessBase"]
[SourceDate "2023.10.10"]
[SourceVersion "1"]
[SourceVersionDate "2023.10.10"]
[SourceQuality "1"]

1. d4 d5 2. Bg5 h6 3. Bh4 c6 4. c3 Qb6 5. Qb3 Bf5 6. Nd2 Nd7 7. Ngf3 Ngf6 8. e3 g5 9. Bg3 c5 10. dxc5 Qxb3 11. Nxb3 e6 12. Nfd4 Bxc5 13. Nxf5 exf5 14. Bd3 Ne4 15. 0-0-0 Nxg3 16. hxg3 f4 17. Nxc5 Nxc5 18. Bb5+ Kf8 19. Rxd5 Ne4 20. gxf4 Nxf2 21. Rh5 Ng4 22. fxg5 a6 23. Ba4 Nxe3 24. Rd7 Nxg2 25. Bb3 Kg7 26. Rxf7+ Kg6 27. Rxh6+ Rxh6 28. gxh6 Kxh6 29. Rxb7 Kg6 30. Rb6+ Kf5 31. Bd5 1-0

[Event "Imperia op-A 52th"]
[Site "Imperia"]
[Date "2010.08.29"]
[Round "1"]
[White "Mirzoev, Azer"]
[Black "Carosso, Andrea"]
[Result "1-0"]
[WhiteElo "2541"]
[BlackElo "2032"]
[PlyCount "71"]
[EventDate "2010.08.29"]
[EventType "swiss"]
[EventRounds "9"]
[EventCountry "ITA"]
[SourceTitle "EXT 2024"]
[Source "ChessBase"]
[SourceDate "2023.10.10"]
[SourceVersion "1"]
[SourceVersionDate "2023.10.10"]
[SourceQuality "1"]

1. d4 d5 2. c4 c6 3. Nc3 Nf6 4. Nf3 a6 5. e3 b5 6. b3 e6 7. Bd3 Bb4 8. Bd2 Bb7 9. 0-0 Nbd7 10. Nxd5 Nxd5 11. cxd5 Bxd2 12. dxe6 fxe6 13. Nxd2 0-0 14. Ne4 Qe7 15. Qc2 g6 16. Rad1 Rad8 17. f4 Nf6 18. Qc5 Rd7 19. Qxe7 Rxe7 20. Rc1 Nd5 21. Rfe1 Rb8 22. a3 Kg7 23. h4 h6 24. g3 Nf6 25. Nxf6 Kxf6 26. Rc5 Rc8 27. Be4 Rec7 28. Rec1 h5 29. Kf2 Ba8 30. Ke2 Bb7 31. Kd2 Ba8 32. Rg5 Rg7 33. Rcc5 Rcc7 34. Kc3 a5 35. a4 Bb7 36. Kd2 1-0

[Event "IRL-ch"]
[Site "Dublin"]
[Date "2008.07.12"]
[Round "8"]
[White "O'Connell, Gerard"]
[Black "Carosso, Andrea"]
[Result "1/2-1/2"]
[WhiteElo "2122"]
[BlackElo "2046"]
[PlyCount "108"]
[EventDate "2008.07.05"]
[EventType "swiss"]
[EventRounds "9"]
[EventCountry "IRL"]
[SourceTitle "CBM 125 Extra"]
[Source "ChessBase"]
[SourceDate "2008.09.01"]
[SourceVersion "1"]
[SourceVersionDate "2008.09.01"]
[SourceQuality "1"]

1. d4 d5 2. c4 c6 3. Nf3 Nf6 4. cxd5 cxd5 5. Nc3 a6 6. Bf4 Bf5 7. e3 e6 8. Be2 Be7 9. 0-0 0-0 10. Nh4 Bg6 11. Nxg6 hxg6 12. Qb3 b5 13. Rfc1 Bd6 14. g3 Bxf4 15. gxf4 Nbd7 16. a4 bxa4 17. Rxa4 Ne4 18. Nxe4 dxe4 19. Rxa6 Rb8 20. Qc2 g5 21. Qxe4 Rxb2 22. Bd3 Nf6 23. Qf3 g4 24. Qg2 Rd2 25. Be4 Nxe4 26. Qxe4 Qh4 27. Rf1 g6 28. Ra8 Rxa8 29. Qxa8+ Kg7 30. Qa5 Re2 31. Qb5 Rd2 32. Qb4 Re2 33. Qc4 Rb2 34. Qc3 Rb5 35. e4 Qf6 36. Rd1 Qxf4 37. d5+ Qf6 38. e5 Qf3 39. Qxf3 gxf3 40. d6 Rb8 41. h3 f6 42. Kh2 fxe5 43. Kg3 Kf7 44. Kxf3 Ke8 45. d7+ Kd8 46. Ke4 Rb2 47. Kxe5 Rxf2 48. Rd3 g5 49. Kxe6 Rf1 50. Rd5 Re1+ 51. Kd6 Re3 52. Rxg5 Rd3+ 53. Ke6 Re3+ 54. Kf7 Rxh3 1/2-1/2

[Event "Bratto op-A 27th"]
[Site "Bratto"]
[Date "2007.08.30"]
[Round "8"]
[White "Carosso, Andrea"]
[Black "Cardilli, Mariano"]
[Result "0-1"]
[WhiteElo "2046"]
[BlackElo "2094"]
[PlyCount "66"]
[EventDate "2007.08.23"]
[EventType "swiss"]
[EventRounds "9"]
[EventCountry "ITA"]
[SourceTitle "CBM 120 Extra"]
[Source "ChessBase"]
[SourceDate "2007.11.01"]
[SourceVersion "1"]
[SourceVersionDate "2007.11.01"]
[SourceQuality "1"]

1. c4 c6 2. e4 d5 3. exd5 cxd5 4. cxd5 Nf6 5. Bb5+ Nbd7 6. Nc3 a6 7. Qa4 Rb8 8. Be2 b5 9. Qf4 Bb7 10. Bf3 Nb6 11. d6 e6 12. d7+ Nbxd7 13. Bxb7 Rxb7 14. Nf3 Nc5 15. 0-0 Nd3 16. Qg3 Bd6 17. Qh4 0-0 18. Ne4 Nxe4 19. Qxe4 Rd7 20. Ne1 Bc5 21. Nxd3 Rxd3 22. Qc6 Bb6 23. a4 b4 24. a5 Rd6 25. Qa4 Bc5 26. Qb3 Rd3 27. Qc4 Qd6 28. Re1 h6 29. g3 Rxg3+ 30. hxg3 Qxg3+ 31. Kh1 Bxf2 32. Qf1 Bxe1 33. d4 Bf2 0-1

[Event "Bratto op-A 27th"]
[Site "Bratto"]
[Date "2007.08.28"]
[Round "6"]
[White "Carosso, Andrea"]
[Black "Tramalloni, Luca"]
[Result "1/2-1/2"]
[WhiteElo "2046"]
[BlackElo "2111"]
[PlyCount "86"]
[EventDate "2007.08.23"]
[EventType "swiss"]
[EventRounds "9"]
[EventCountry "ITA"]
[SourceTitle "CBM 120 Extra"]
[Source "ChessBase"]
[SourceDate "2007.11.01"]
[SourceVersion "1"]
[SourceVersionDate "2007.11.01"]
[SourceQuality "1"]

1. c4 b6 2. d4 Bb7 3. Nc3 e6 4. a3 f5 5. Nf3 Nf6 6. Bf4 Nh5 7. Bd2 Be7 8. Qc2 Nf6 9. 0-0-0 Ne4 10. Be1 Bf6 11. e3 d6 12. Nd2 Nxc3 13. bxc3 Nd7 14. f3 Qe7 15. Bg3 0-0-0 16. Bd3 g5 17. e4 f4 18. Bf2 Qg7 19. a4 c5 20. Nb3 a5 21. Kb2 h5 22. Rhe1 e5 23. d5 Rdg8 24. Ka3 g4 25. Be2 g3 26. hxg3 fxg3 27. Be3 Bg5 28. Qd2 Nf8 29. Rh1 h4 30. f4 Bxf4 31. Bxf4 exf4 32. Qxf4 Kc7 33. Rdf1 Nd7 34. Rxh4 Rxh4 35. Qxh4 Qxc3 36. Rf7 Rg7 37. Qe7 Rxf7 38. Qxf7 Bc8 39. Qe7 Qf6 40. Qh7 Kb8 41. Bg4 Nf8 42. Bf3 Nd7 43. Bg4 Nf8 1/2-1/2

[Event "Bratto op-A 27th"]
[Site "Bratto"]
[Date "2007.08.23"]
[Round "1"]
[White "Dvirnyy, Danyyil"]
[Black "Carosso, Andrea"]
[Result "1-0"]
[WhiteElo "2365"]
[BlackElo "2046"]
[PlyCount "45"]
[EventDate "2007.08.23"]
[EventType "swiss"]
[EventRounds "9"]
[EventCountry "ITA"]
[SourceTitle "CBM 120 Extra"]
[Source "ChessBase"]
[SourceDate "2007.11.01"]
[SourceVersion "1"]
[SourceVersionDate "2007.11.01"]
[SourceQuality "1"]

1. e4 c6 2. d4 d5 3. Nd2 dxe4 4. Nxe4 Nd7 5. Nf3 Ngf6 6. Nc3 g6 7. Bd3 Bg7 8. 0-0 0-0 9. Re1 c5 10. Be3 b6 11. d5 Bb7 12. Bc4 a6 13. a4 Qc7 14. Bg5 Rae8 15. Qd2 Kh8 16. Rad1 Ng8 17. Bxe7 Nxe7 18. d6 Qd8 19. dxe7 Rxe7 20. Rxe7 Qxe7 21. Qxd7 Qxd7 22. Rxd7 Bxf3 23. gxf3 1-0

[Event "Bratto op 26th"]
[Site "Bratto"]
[Date "2006.08.26"]
[Round "8"]
[White "Carosso, Andrea"]
[Black "Sala, Sergio"]
[Result "1/2-1/2"]
[WhiteElo "2050"]
[BlackElo "1902"]
[PlyCount "83"]
[EventDate "2006.08.19"]
[EventType "swiss"]
[EventRounds "9"]
[EventCountry "ITA"]
[SourceTitle "CBM 113 Extra"]
[Source "ChessBase"]
[SourceDate "2006.09.14"]
[SourceVersion "1"]
[SourceVersionDate "2006.09.14"]
[SourceQuality "1"]

1. c4 e5 2. Nc3 Nf6 3. Nf3 Nc6 4. g3 Bc5 5. Bg2 0-0 6. 0-0 Re8 7. d3 a6 8. Bg5 h6 9. Bxf6 Qxf6 10. a3 d6 11. b4 Bd4 12. Nd5 Qd8 13. Rb1 Be6 14. e3 Ba7 15. Nd2 Rb8 16. Qc2 Qd7 17. Rfc1 Ne7 18. a4 c6 19. Nxe7+ Qxe7 20. b5 cxb5 21. axb5 Bc5 22. bxa6 bxa6 23. Ra1 Rb6 24. Rcb1 Reb8 25. Rxb6 Rxb6 26. Nb3 Bb4 27. d4 Qc7 28. d5 Bc8 29. Na5 Bxa5 30. Rxa5 Rb4 31. Ra4 Qb6 32. Ra1 Rb2 33. Qc1 a5 34. Bf1 g6 35. Bd3 Qb3 36. Rxa5 Qxd3 37. Qxb2 Qd1+ 38. Kg2 Bg4 39. Ra8+ Kh7 40. f3 Qxf3+ 41. Kg1 Qd1+ 42. Kg2 1/2-1/2

[Event "Bratto op 26th"]
[Site "Bratto"]
[Date "2006.08.24"]
[Round "6"]
[White "Carosso, Andrea"]
[Black "Raselli, Claudio"]
[Result "1/2-1/2"]
[WhiteElo "2050"]
[BlackElo "2034"]
[PlyCount "74"]
[EventDate "2006.08.19"]
[EventType "swiss"]
[EventRounds "9"]
[EventCountry "ITA"]
[SourceTitle "CBM 113 Extra"]
[Source "ChessBase"]
[SourceDate "2006.09.14"]
[SourceVersion "1"]
[SourceVersionDate "2006.09.14"]
[SourceQuality "1"]

1. c4 e5 2. Nc3 d6 3. g3 f5 4. Bg2 Nf6 5. e3 Be7 6. Nge2 c6 7. Rb1 a5 8. a3 0-0 9. b4 Be6 10. d3 axb4 11. axb4 Nbd7 12. b5 d5 13. bxc6 bxc6 14. 0-0 Qc7 15. cxd5 cxd5 16. d4 e4 17. Nf4 Qxc3 18. Nxe6 Rfb8 19. Rxb8+ Rxb8 20. Bd2 Qb2 21. Ba5 Qa3 22. Bc7 Rc8 23. Be5 Qa6 24. Nf4 Qc4 25. Qb1 Qc6 26. Qb3 Bd6 27. Bxd6 Qxd6 28. Ra1 Rb8 29. Qc3 Qb6 30. Rc1 h6 31. Bf1 g5 32. Ne2 Kf7 33. Qa3 Qb4 34. Qa7 Qb6 35. Qa4 Qb5 36. Qc2 Qb2 37. Qc6 Qb6 1/2-1/2

[Event "Genova Spring 7th"]
[Site "Genova"]
[Date "2004.03.12"]
[Round "1"]
[White "Falcone, Giancarlo"]
[Black "Carosso, Andrea"]
[Result "0-1"]
[WhiteElo "1594"]
[BlackElo "2073"]
[PlyCount "124"]
[EventDate "2004.03.12"]
[EventType "swiss"]
[EventRounds "5"]
[EventCountry "ITA"]
[SourceTitle "EXT 2024"]
[Source "ChessBase"]
[SourceDate "2023.10.10"]
[SourceVersion "1"]
[SourceVersionDate "2023.10.10"]
[SourceQuality "1"]

1. d4 d5 2. Nf3 Nf6 3. c4 c6 4. Nc3 e6 5. Bf4 Bd6 6. Bxd6 Qxd6 7. e3 Nbd7 8. Be2 0-0 9. 0-0 e5 10. dxe5 Nxe5 11. cxd5 cxd5 12. e4 Nxf3+ 13. Bxf3 d4 14. Nd5 Nxd5 15. exd5 Qb4 16. Qb3 Qxb3 17. axb3 Bf5 18. Rfd1 d3 19. Ra4 Rfe8 20. h4 h6 21. Rd4 Rad8 22. Kf1 Rd6 23. Re1 Kf8 24. Rxe8+ Kxe8 25. Ke1 Rb6 26. Be4 Bxe4 27. Rxe4+ Kd7 28. b4 Kd6 29. Kd2 Rb5 30. Kxd3 Rxd5+ 31. Rd4 h5 32. b3 Ke5 33. f4+ Kd6 34. Kc4 b5+ 35. Kd3 g6 36. Ke4 Rxd4+ 37. Kxd4 a6 38. Ke4 Ke6 39. Kd4 Kf5 40. Kc5 Kxf4 41. Kb6 Kg3 42. Kxa6 Kxg2 43. Kxb5 f5 44. Kc6 f4 45. b5 f3 46. b6 f2 47. b7 f1Q 48. b8Q Qf3+ 49. Kc5 Qf2+ 50. Kc6 Qxh4 51. b4 Qe4+ 52. Kc5 h4 53. Qh8 h3 54. Qb2+ Kg3 55. Qc3+ Kg4 56. Qd2 Qf5+ 57. Kc6 Qf4 58. Qd7+ Kg3 59. Qg7 g5 60. Qa1 h2 61. b5 Qf3+ 62. Kc7 h1Q 0-1

[Event "Genova Ducale op"]
[Site "Genova"]
[Date "2003.09.23"]
[Round "3"]
[White "Carosso, Andrea"]
[Black "Di Paolo, Raffaele"]
[Result "0-1"]
[WhiteElo "2129"]
[BlackElo "2323"]
[PlyCount "74"]
[EventDate "2003.09.??"]
[EventType "swiss"]
[EventRounds "9"]
[EventCountry "ITA"]
[SourceTitle "EXT 2005"]
[Source "ChessBase"]
[SourceDate "2004.11.15"]
[SourceVersion "1"]
[SourceVersionDate "2004.11.15"]
[SourceQuality "1"]

1. c4 g6 2. Nc3 Bg7 3. g3 d6 4. Bg2 e5 5. e3 Nf6 6. Nge2 Nc6 7. a3 0-0 8. b4 a6 9. Bb2 Re8 10. 0-0 Bf5 11. d4 e4 12. d5 Ne5 13. Qb3 Nf3+ 14. Bxf3 exf3 15. Nd4 Bg4 16. Rfe1 Nd7 17. Nb1 Qg5 18. Nd2 Ne5 19. Rac1 Qh5 20. Kh1 Bh3 21. e4 Bg2+ 22. Kg1 Qh3 23. N4xf3 Nxf3+ 24. Nxf3 Bxf3 25. Qxf3 Bxb2 26. Rc2 Bg7 27. Rce2 a5 28. c5 axb4 29. axb4 h5 30. Qb3 h4 31. cxd6 cxd6 32. Ra2 Bd4 33. Rxa8 Rxa8 34. Qf3 Ra2 35. Rf1 Rb2 36. Qf4 hxg3 37. hxg3 Be5 0-1

[Event "Genova op 7th"]
[Site "Genova"]
[Date "2003.08.04"]
[Round "3"]
[White "Carosso, Andrea"]
[Black "Frugoli, Francesco"]
[Result "0-1"]
[WhiteElo "2129"]
[BlackElo "2009"]
[PlyCount "66"]
[EventDate "2003.08.02"]
[EventType "swiss"]
[EventRounds "9"]
[EventCountry "ITA"]
[SourceTitle "CBM 095 Extra"]
[Source "ChessBase"]
[SourceDate "2003.09.04"]
[SourceVersion "1"]
[SourceVersionDate "2003.09.04"]
[SourceQuality "1"]

1. c4 e6 2. g3 d5 3. b3 Nf6 4. Bg2 c6 5. e3 Bd6 6. Ne2 Nbd7 7. Bb2 0-0 8. 0-0 Re8 9. Nbc3 dxc4 10. bxc4 e5 11. d4 e4 12. Qc2 Qe7 13. Rab1 Nf8 14. Ba1 Ng6 15. h3 h5 16. d5 h4 17. dxc6 bxc6 18. Nd4 hxg3 19. Nxc6 Qd7 20. Nd4 Bb7 21. fxg3 Bxg3 22. Nf5 Bb8 23. Nb5 Ne5 24. Nbd6 Bxd6 25. Nxd6 Qxd6 26. Rxb7 Nf3+ 27. Bxf3 exf3 28. Qf2 Rxe3 29. Qh2 f2+ 30. Qxf2 Rg3+ 31. Kh1 Rxh3+ 32. Kg1 Rg3+ 33. Kh1 Qc6+ 0-1

[Event "Genova op 7th"]
[Site "Genova"]
[Date "2003.08.03"]
[Round "2"]
[White "Boric, Muhamed"]
[Black "Carosso, Andrea"]
[Result "1/2-1/2"]
[WhiteElo "2410"]
[BlackElo "2129"]
[PlyCount "100"]
[EventDate "2003.08.02"]
[EventType "swiss"]
[EventRounds "9"]
[EventCountry "ITA"]
[SourceTitle "CBM 095 Extra"]
[Source "ChessBase"]
[SourceDate "2003.09.04"]
[SourceVersion "1"]
[SourceVersionDate "2003.09.04"]
[SourceQuality "1"]

1. d4 d5 2. Nf3 Nf6 3. Bf4 Bf5 4. e3 e6 5. c4 c6 6. Nc3 Bd6 7. Ne5 Bxe5 8. Bxe5 Nbd7 9. Bg3 Qa5 10. cxd5 Nxd5 11. Qd2 Nxc3 12. Qxc3 Qxc3+ 13. bxc3 Ke7 14. f3 f6 15. e4 Bg6 16. Bd3 Rhc8 17. Kd2 a6 18. a4 b5 19. Ra3 Nb6 20. axb5 axb5 21. Rha1 Rxa3 22. Rxa3 Ra8 23. Rxa8 Nxa8 24. c4 bxc4 25. Bxc4 Nb6 26. Bb3 Be8 27. Kc3 Nd7 28. Bc7 e5 29. dxe5 Nxe5 30. Kd4 c5+ 31. Kxc5 Nd3+ 32. Kd4 Ne1 33. e5 fxe5+ 34. Kxe5 Nxg2 35. Bd6+ Kd8 36. Ke6 Ne1 37. Bd5 Bh5 38. f4 Nf3 39. Bf8 Nxh2 40. Bxg7 Bf3 41. Bc4 Ng4 42. Bf8 Ne3 43. Be7+ Kc7 44. Bd3 h5 45. Bg5 Bg4+ 46. Ke5 Kc6 47. Bh4 Bf3 48. f5 Nxf5 49. Kxf5 Kd5 50. Ba6 Bg4+ 1/2-1/2